000 01468nas a2200385 4500
001 BR8201912
003 BR-BrBNA
005 20231205085122.0
007 ta
008 230509b bl.|||p| |||| 00| 00por d
040 _aBR-BrBNA
_bpor
_cBiblioteca Nacional de Agricultura
041 _a(Pt)
072 _aH10
100 1 _aReis, P.R.
100 1 _aSouza, J.C. de
245 1 _aPragas da mangueira [Mangifera indica; Trips; Selenothrips rubrocinctus; Lagarta de fogo; Megalopyge lanata; Besouro de lime a; Sternocolaspis quatvordecincostata; Besouro amarelo; Costalimaita ferruginea vulgata; Cocchonilha; Pseudaonidia trilobitiformis; Cigarrinha; Aethalion reticulatum; Irapua; Trigona spinipes; Broca; Hypocryphalus mangiperae; Coleobroca; Chlorida festiva; Eriofiideo; Eriophyes mangiferae; Mosca; Anastrepha spp; Minas Gerais; Brasil]
650 _aMANGA
650 _aTRIPS
650 _aLAGARTA DE FOGO
650 _aBESOURO DE LIMEIRA
650 _aBESOURO AMARELO
650 _aCOCHONILHA
650 _aCIGARRINHA
650 _aIRAPUA
650 _aBROCA
650 _aCOLEOBROCA
650 _aMOSCA
650 _aERIOFIIDEO
650 _aACARO
650 _aCONTROLE QUIMICO
650 _aMINAS GERAIS
773 0 _tInforme Agropecuario - Empresa de Pesquisa Agropecuaria de Minas Gerais (Brazil)
_xISSN 0100-3364
_g(Feb 1982), v. 8(86) p. 38-41
_wBR8201912
909 _a202311
_bLúcia
_c55
_dLúcia Elande
942 _2AGRIS
_n0
_cANA
999 _c109339
_d109339